000 00938nam a2200229Ia 4500
003 PE SENCICO BE
005 20251020182601.0
008 200515s9999 xx 000 0 und d
040 _aPE SENCICO BE
_cPE SENCICO BE
041 _aspa
082 _aS 344.001985
_bD
110 1 _aServicio Nacional de Capacitación para la Industria de la Construcción.
_93001
_bOficina de Asesoría Legal
245 1 0 _aDerecho del trabajo en construcción civil /
_cServicio Nacional de Capacitación para la Industria de la Construcción
260 _aLima :
_bSENCICO ;
_c1986
300 _a64 páginas :
_c21 cm.
505 0 _aBeneficios de los trabajadores -- Jornada de trabajo -- Remuneraciones -- Indemnizaciones -- Convenciones colectivas de trabajo -- Seguridad social
650 1 0 _aDerecho laboral
_92526
650 2 0 _aConstrucción civil
_93000
650 2 0 _aBeneficios sociales
_92561
651 1 0 _9661
_aPerú
942 _cPUB
_2ddc
999 _c3044
_d3044